2024 AFL Grand Final Teams - Statistics

General Stats
  • This quiz has been taken 15 times
  • The average score is 30 of 48
Answer Stats
Position Brisbane % Correct
C Will Ashcroft
100%
C Chad Warner
92%
FB Harris Andrews
92%
Foll Isaac Heeney
92%
Foll Lachie Neale
92%
Foll Brodie Grundy
83%
Coach Chris Fagan
83%
Foll Darcy Fort
83%
FB Dayne Zorko
83%
C Hugh McCluggage
83%
HF Joe Daniher
83%
Foll Josh Dunkley
83%
FF Zac Bailey
83%
HF Charlie Cameron
75%
HF Errol Gulden
75%
Coach John Longmire
75%
FF Tom Papley
75%
FF Cameron Rayner
67%
FF Eric Hipwood
67%
HF Jarrod Berry
67%
Int Kai Lohmann
67%
Int Logan Morris
67%
FB Dane Rampe
58%
HB Darcy Wilmot
58%
Int Hayden McLean
58%
HB Jack Payne
58%
FF Joel Amartey
58%
Int Justin McInerney
58%
HF Luke Parker
58%
FB Nick Blakey
58%
FB Tom McCartin
58%
Int Brandon Starcevich
50%
Int Callum Ah Chee
50%
HB Jake Lloyd
50%
Foll James Rowbottom
50%
C Jaspa Fletcher
50%
Int Robbie Fox
50%
FF Will Hayward
50%
Sub Conor McKenna
42%
HB Harry Cunningham
42%
HB Lewis Melican
42%
FB Noah Answerth
42%
C Oliver Florent
42%
HB Ryan Lester
42%
C James Jordon
33%
HF Logan McDonald
33%
Sub Braeden Campbell
25%
Int Matthew Roberts
25%
No matching quizzes found
Score Distribution
Percent of People with Each Score
Percentile by Number Answered
Your Score History
You have not taken this quiz